| 000 | 00681nam a2200229 a 4500 | ||
|---|---|---|---|
| 005 | 20210219153015.0 | ||
| 008 | 991125n 000 0 u | ||
| 035 | _aUPN01000072810 | ||
| 100 | _aParish, Thomas S. | ||
| 222 |
_aREADING IMPROVEMENT : _bA JOURNAL FOR THE IMPROVEMENT OF READING |
||
| 245 | _aDiscerning the readiness of special education graduates : the Kansas report | ||
| 300 | _a155-156 | ||
| 362 | _a29, No. 3, 1992 | ||
| 505 | _aMarzo 1993 | ||
| 653 | 0 | _aDISPONIBILIDAD | |
| 653 | 0 | _aEDUCACION ESPECIAL | |
| 653 | 0 | _aRESULTADOS DE LA EDUCACION | |
| 700 | _aPenrod, Michael | ||
| 700 | _aRupp, Mary Ann | ||
| 904 |
_aAC _b010621 |
||
| 905 | _aArticulo | ||
| 999 |
_c66107 _d66107 |
||